UM Logo

Financial accounting and reporting fundamentals/ (Record no. 14550)

MARC details
000 -LEADER
fixed length control field 00776nam a22002057a 4500
008 - FIXED-LENGTH DATA ELEMENTS--GENERAL INFORMATION
fixed length control field 191008b ||||| |||| 00| 0 eng d
020 ## - INTERNATIONAL STANDARD BOOK NUMBER
International Standard Book Number 978-621-416-056-3
082 ## - DEWEY DECIMAL CLASSIFICATION NUMBER
Edition number 2018
Classification number DFil 657
Item number C112
100 ## - MAIN ENTRY--PERSONAL NAME
Personal name Cabrera, Ma. Elenita Balatbat
9 (RLIN) 40232
245 ## - TITLE STATEMENT
Title Financial accounting and reporting fundamentals/
Statement of responsibility, etc. Ma. Elenita Balatbat Cabrera, Gilbert Anthony B. Cabrera.
250 ## - EDITION STATEMENT
Edition statement 2018-2019 Edition
260 ## - PUBLICATION, DISTRIBUTION, ETC. (IMPRINT)
Place of publication, distribution, etc. Manila, Philippines :
Name of publisher, distributor, etc. GIC Enterprises & Co., Inc.,
Date of publication, distribution, etc. 2018.
300 ## - PHYSICAL DESCRIPTION
Extent ix, 391 pages :
Other physical details illustrations ;
Dimensions 23 cm
500 ## - GENERAL NOTE
General note Includes glossary, index and bibliographical references
650 ## - SUBJECT ADDED ENTRY--TOPICAL TERM
Topical term or geographic name as entry element Accounting
9 (RLIN) 40233
650 ## - SUBJECT ADDED ENTRY--TOPICAL TERM
Topical term or geographic name as entry element Financial statements
9 (RLIN) 40234
700 ## - ADDED ENTRY--PERSONAL NAME
Personal name Cabrera, Gilbert Anthony B.
9 (RLIN) 30929
365 ## - TRADE PRICE
Price amount 800.00
Currency code Php
942 ## - ADDED ENTRY ELEMENTS (KOHA)
Source of classification or shelving scheme Dewey Decimal Classification
Koha item type Filipiniana
Holdings
Withdrawn status Lost status Source of classification or shelving scheme Damaged status Not for loan Collection code Home library Current library Shelving location Date acquired Source of acquisition Cost, normal purchase price Total Checkouts Full call number Barcode Date last seen Date last checked out Copy number Price effective from Koha item type
    Dewey Decimal Classification     Filipiniana UM Digos College - LIC UM Digos College - LIC Book Cart 08/08/2019 Purchased 800.00 15 DFil 657 C112 2018 25665 05/15/2025 12/17/2024 1 10/08/2019 Filipiniana